Essentials of pediatric nursing Includes bibliographies and index

Αποθηκεύτηκε σε:
Λεπτομέρειες βιβλιογραφικής εγγραφής
Κύριος συγγραφέας: Lucielle F Whaley
Μορφή: Βιβλίο
Γλώσσα:Undetermined
Έκδοση: Chicago The C.V.Mosby Co 1989
Θέματα:
Ετικέτες: Προσθήκη ετικέτας
Δεν υπάρχουν, Καταχωρήστε ετικέτα πρώτοι!
Thư viện lưu trữ: Trung tâm Học liệu Trường Đại học Cần Thơ
LEADER 00578nam a2200193Ia 4500
001 CTU_7688
008 210402s9999 xx 000 0 und d
082 |a 610.73 
082 |b W552 
100 |a Lucielle F Whaley 
245 0 |a Essentials of pediatric nursing 
245 0 |b Includes bibliographies and index 
245 0 |c Lucielle F Whaley 
260 |a Chicago 
260 |b The C.V.Mosby Co 
260 |c 1989 
650 |a children care and hygiene,pediatric nursing 
904 |i Nguyễn Huỳnh Mai, 960827 
980 |a Trung tâm Học liệu Trường Đại học Cần Thơ